| 000 | 00459nam a22001457a 4500 | ||
|---|---|---|---|
| 008 | 250514b |||||||| |||| 00| 0 eng d | ||
| 020 | _a9781394151837 | ||
| 050 |
_aHG4026 _b.B83 |
||
| 100 | _aBuddy, Cassy | ||
| 245 | _aWiley CMA Exam Review Study Guide 2023 Parts strategic Financial Management | ||
| 260 |
_aHoboken, New Jersey _bJohn Wiley and Sons _c2023 |
||
| 300 |
_axv, 394p. _bill. |
||
| 650 |
_aBusiness enterprises-Finance _vExam Review |
||
| 942 | _cBK | ||
| 999 |
_c3475 _d3475 |
||